| 000 | 01298cam a2200217 4500 | ||
|---|---|---|---|
| 001 | ##L131953 | ||
| 008 | 051219n2005 000 0 eng u | ||
| 035 | _a(Sirsi) u131953 | ||
| 050 | 0 | 4 | _a627.1 $2 18 |
| 110 | 1 |
_aUnited Kingdom _bDepartment for Environment, Food and Rural Affairs |
|
| 245 | _aConsultation on river basin planning | ||
| 260 |
_aLondon _bDEFRA _c2005 |
||
| 520 | _aThis consultation paper relating to the water framework directive (Directive 200/60/EC) contains draft guidance which when finalised will be statutory guidance from the SoS and the National Assembly for Wales to the Environment Agency. The Directive, which establishes a framework for Community action in the field of water policy, will affect a wide range of stakeholders. Their advice and assistance is sought to help develop the guidance's content. Responses are required by 7 March 2006. | ||
| 520 | _aItem not found when searched for on DEFRA website 12/9/2011. | ||
| 590 | _aIKA030106 | ||
| 650 | 2 | 4 | _aDIRECTIVE 2000/60/EC |
| 690 | _aENVIRONMENTAL AND LAND CONSULTANCY-WATER RESOURCE MANAGEMENT | ||
| 710 | 1 |
_aWales _bNational Assembly for Wales _94836 |
|
| 856 | 4 | 0 |
_uhttps://www.defra.gov.uk/corporate/consult/wfd/index.htm _zView the consultation free of charge at www.defra.gov.uk... |
| 942 | _n0 | ||
| 999 |
_c104922 _d104922 |
||